00430nam a2200181Ia 4500003000400000005001700004008004100021040000700062041000800069082001900077100000900096245002500105260006600130300001300196365001100209650000800220650002000228OSt20230701123536.0210423s9999 xx 000 0 und d cAL aeng a340 223bCALW aCALL aWomen and labour law aBombaybCommittee for the advancement of legal literacyc2008 a1,11bPB b1cINR aLaw aSocial Sciences